Charakteristika spôsobov fungovania II. a III. piliera dôchodkového zabezpečenia
Charakteristika západoeurópskych systémov dôchodkové zabezpečenia. Spôsoby fungovania II. a III. piliera dôchodkového zabezpečenia. Financovanie systémov dôchodkového zabezpečenia. Výsledky skúmania vybraných dôchodkových systémov. Porovnanie ukazovateľov výkonnosti dôchodkových systémov vo vybranýc...
Salvato in:
| Autore principale: | |
|---|---|
| Natura: | Capitolo di libro |
| Lingua: | slovacco |
| Soggetti: | |
| Tags: |
Nessun Tag, puoi essere il primo ad aggiungerne!!
|
MARC
| LEADER | 00000naa a2200000 4500 | ||
|---|---|---|---|
| 001 | r048720 | ||
| 005 | 20231002091052.1 | ||
| 041 | 0 | |a slo | |
| 044 | |a SK | ||
| 245 | 1 | 0 | |a Charakteristika spôsobov fungovania II. a III. piliera dôchodkového zabezpečenia |c Matúš Dobšovič |
| 520 | |a Charakteristika západoeurópskych systémov dôchodkové zabezpečenia. Spôsoby fungovania II. a III. piliera dôchodkového zabezpečenia. Financovanie systémov dôchodkového zabezpečenia. Výsledky skúmania vybraných dôchodkových systémov. Porovnanie ukazovateľov výkonnosti dôchodkových systémov vo vybraných krajinách. | ||
| 610 | 2 | 0 | |a systémy dôchodkové |
| 610 | 2 | 0 | |a zabezpečenie dôchodkové |
| 610 | 2 | 0 | |a reformy dôchodkové |
| 610 | 2 | 0 | |a Česko |
| 610 | 2 | 0 | |a Maďarsko |
| 610 | 2 | 0 | |a Poľsko |
| 610 | 2 | 0 | |a Slovensko |
| 610 | 2 | 0 | |a Holandsko |
| 610 | 2 | 0 | |a Veľká Británia |
| 610 | 2 | 0 | |a USA |
| 610 | 2 | 0 | |a Švajčiarsko |
| 610 | 2 | 0 | |a Čile |
| 610 | 2 | 0 | |a fondy penzijné |
| 610 | 2 | 0 | |a výnosy |
| 100 | 1 | |a Dobšovič, Matúš | |